Droit public économique / (Record no. 122351)

MARC details
000 -LEADER
campo de control de longitud fija 01048cam a2200349Ma 4500
001 - NÚMERO DE CONTROL
campo de control 73315
003 - IDENTIFICADOR DE NÚMERO DE CONTROL
campo de control BJBSDDR
005 - FECHA Y HORA DE LA ÚLTIMA TRANSACCIÓN
campo de control 20241028155948.0
007 - CAMPO FIJO DE DESCRIPCIÓN FÍSICA--INFORMACIÓN GENERAL
campo de control de longitud fija ta
008 - DATOS DE LONGITUD FIJA--INFORMACIÓN GENERAL
campo de control de longitud fija 241028s2018 fr b 000 0 fre d
020 ## - NÚMERO INTERNACIONAL ESTÁNDAR DEL LIBRO
Número Internacional Estándar del Libro 9782275054599
020 ## - NÚMERO INTERNACIONAL ESTÁNDAR DEL LIBRO
Número Internacional Estándar del Libro 2275054596
029 1# - OTRO NÚMERO DE CONTROL DE SISTEMA (OCLC)
Identificador de la biblioteca OCLC ZWZ
Número de control de sistema 112406505
035 ## - NÚMERO DE CONTROL DEL SISTEMA
Número de control de sistema (OCoLC)ocn182733327
035 ## - NÚMERO DE CONTROL DEL SISTEMA
Número de control de sistema (OCoLC)182733327
040 ## - FUENTE DE CATALOGACIÓN
Centro catalogador/agencia de origen MUQ
Lengua de catalogación spa
Centro/agencia transcriptor MUQ
Centro/agencia modificador BDF
041 ## - CÓDIGO DE IDIOMA
Código de lengua del texto/banda sonora o título independiente fre
043 ## - CÓDIGO DE ÁREA GEOGRÁFICA
Código de área geográfica e-fr---
049 ## - FONDOS LOCALES (OCLC)
Biblioteca depositaria GRAL
050 14 - SIGNATURA TOPOGRÁFICA DE LA BIBLIOTECA DEL CONGRESO
Número de clasificación KJV 5545.8
Número de ítem C723d 2008
082 1# - NÚMERO DE LA CLASIFICACIÓN DECIMAL DEWEY
Número de clasificación 342
Número de edición 22
100 1# - ENTRADA PRINCIPAL--NOMBRE DE PERSONA
Nombre de persona Colson, Jean-Philippe
9 (RLIN) 39213
245 10 - MENCIÓN DEL TÍTULO
Título Droit public économique /
Mención de responsabilidad, etc. Jean-Philippe Colson, Pascale Idoux.
250 ## - MENCION DE EDICION
Mención de edición 9e éd.
260 ## - PUBLICACIÓN, DISTRIBUCIÓN, ETC.
Lugar de publicación, distribución, etc. LGDJ, Lextenso ediciones :
Nombre del editor, distribuidor, etc. Issy-les-Moulineaux, DL.,
Fecha de publicación, distribución, etc. 2018.
300 ## - DESCRIPCIÓN FÍSICA
Extensión 822 pages ;
Dimensiones 22 cm.
440 0# - MENCIÓN DE SERIE/PUNTO DE ACCESO ADICIONAL--TÍTULO
Título Manuels
9 (RLIN) 34096
650 #6 - PUNTO DE ACCESO ADICIONAL DE MATERIA--TÉRMINO DE MATERIA
Término de materia o nombre geográfico como elemento de entrada Droit public économique
Subdivisión geográfica France.
650 #4 - PUNTO DE ACCESO ADICIONAL DE MATERIA--TÉRMINO DE MATERIA
Término de materia o nombre geográfico como elemento de entrada Derecho público económico
Subdivisión geográfica Francia
9 (RLIN) 19857
Subdivisión de forma Libros de texto de educación superior
830 #0 - PUNTO DE ACCESO ADICIONAL DE SERIE-TÍTULO UNIFORME
Título uniforme Collection Mise au point (Ellipses (Firme))
942 ## - ELEMENTOS DE ENTRADA SECUNDARIOS (KOHA)
Fuente del sistema de clasificación o colocación Clasificación de Library of Congress
Tipo de ítem Koha Libro
Holdings
Estatus retirado Estado de pérdida Fuente del sistema de clasificación o colocación Estado de daño No para préstamo Colección Biblioteca de origen Biblioteca actual Ubicación en estantería Fecha de adquisición Signatura topográfica completa Código de barras Visto por última vez Copia número Tipo de ítem Koha
    Clasificación de Library of Congress     Ciencias Sociales Biblioteca Juan Bosch Biblioteca Juan Bosch Ciencias Sociales (3er. Piso) 28/10/2024 KJV 5545.8 C723d 2008 00000186363 28/10/2024 1 Libro